Die größten Städte mit M - Statistiken

Allgemein
  • Dieses Quiz wurde 281 mal gespielt
  • Das Durchschnittsergebnis liegt bei 24 aus 60
Antwortstatistiken
Land Antwort Einwohner % Korrekt
Spanien Madrid 6.900.000
100%
Russland Moskau 18.800.000
98%
Mexiko Mexiko Stadt 25.000.000
97%
Italien Mailand 6.000.000
96%
Deutschland München 2.285.000
95%
Philippinen Manila 27.000.000
91%
Vereinigtes Königreich Manchester 3.125.000
89%
Australien Melbourne 5.000.000
88%
USA Melbourne (Nicht zu verwechseln mit Melbourne,Australien) 1.270.000
88%
Indien Mumbai 26.600.000
87%
Belarus Minsk 2.050.000
84%
Frankreich Marseille 1.680.000
83%
Uruguay Montevideo 1.880.000
79%
Kanada Montréal 4.400.000
79%
USA Miami 6.500.000
66%
Deutschland Mannheim (Rhein-Neckar Metropolregion) 1.600.000
63%
Somalia Mogadischu 2.125.000
61%
Bahrain Manama 1.550.000
60%
Saudi-Arabien Mekka 2.350.000
57%
Mosambik Maputo 2.450.000
55%
Liberia Monrovia 1.780.000
52%
Kolumbien Medellin 4.200.000
51%
Spanien Málaga 1.100.000
50%
Marokko Marrakesch 1.160.000
49%
Nicaragua Managua 1.370.000
48%
Brasilien Manaus 2.325.000
45%
Saudi-Arabien Medina 1.700.000
43%
Mexiko Monterrey 5.900.000
43%
Kenia Mombassa 1.320.000
42%
USA Minneapolis 3.300.000
41%
China (Autonomes Gebiet) Macau 1.000.000
40%
USA Memphis 1.150.000
38%
Oman Muskat 1.470.000
37%
USA Milwaukee 1.520.000
23%
Indonesien Medan 4.150.000
17%
Iran Maschhad 3.400.000
16%
Argentinien Mendoza 1.090.000
14%
Myanmar Mandalay 1.690.000
13%
Venezuela Maracaibo 2.750.000
12%
Irak Mosul 1.500.000
11%
Türkei Mersin 1.040.000
9%
D.R Kongo Mbuji-Mayi 2.300.000
8%
Mexiko Mérida 1.330.000
8%
Indonesien Makassar 1.770.000
6%
Venezuela Maracay 1.460.000
6%
Pakistan Multan 2.275.000
6%
Brasilien Maceió 1.140.000
5%
USA McAllen 1.240.000
5%
Indonesien Malang 1.740.000
4%
Indien Madurai 1.900.000
3%
Indien Meerut 1.850.000
3%
Tansania Mwanza 1.030.000
3%
Indien Mysore 1.310.000
3%
China Maoming 1.400.000
2%
China Mianyang 1.675.000
2%
Indien Morādābād 1.380.000
2%
Nigeria Maiduguri 1.340.000
1%
China Meishan 1.010.000
0%
China Meizhou 1.005.000
0%
Mexiko Morelia 1.020.000
0%
Keine übereinstimmenden Quizze gefunden
Verteilung der Resultate
Anzahl Personen mit jedem Resultat
Perzentil nach korrekt beantworteten Fragen
Ihre Resultats-Entwicklung
Sie haben dieses Quiz noch nicht gespielt